000 00317nam a22001457a 4500
005 20200531151749.0
008 200531b xxu||||| |||| 00| 0 eng d
041 _aeng
082 _a340
100 _aBARE ACT
_95744
245 _aTHE SUITE VALUATION ACT, 1887
300 _a8;p
650 _aLAW
_95701
942 _cBK
999 _c6727
_d6725